000 00300 a2200133 4500
020 _a8122903185
090 _c1215
_d1215
100 _aDavis Kingsley
245 _aHuman Society
260 _aDelhi
_bSurjeet Publications
_c2007
300 _a655 p.
500 _aPaperbinding
942 _cBK
_k301 DAV
999 _c88
_d88